| 000 | 05142cam a22006734i 4500 | ||
|---|---|---|---|
| 003 | PE-LiUPU | ||
| 005 | 20250731165615.0 | ||
| 008 | 150706s2011 pe a r 000 0 spa d | ||
| 035 | _a(Sirsi) a52357 | ||
| 040 |
_aPE-LiUPU _bspa _cPE-LiUPU _erda |
||
| 049 | _aPRUA | ||
| 082 | 0 | 4 |
_a001.42 _bM28 _220 |
| 100 | 1 |
_aMatos Chamorro, Rodrigo Alfredo, _eautor. |
|
| 130 | _aManual, para la redacción de trabajos academicos universitarios. | ||
| 245 | 1 | 0 |
_aManual, para la redacción de trabajos académicos universitarios / _cRodrigo Alfredo Matos Chamorro. |
| 264 | 1 |
_aLima : _bCentro de aplicación Editorial Imprenta Unión, _c2011. |
|
| 300 |
_a124 páginas : _bilustraciones ; _c24 centímetros |
||
| 336 |
_atext _2rdacontent |
||
| 337 |
_aunmediated _2rdamedia |
||
| 338 |
_avolume _2rdacarrier |
||
| 505 | 0 | _aRedacción científica -- Citas de autores en el texto -- Tablas -- Estructura de trabajo académicos e investigación -- Tamaño de papel -- Tipo de letra -- Márgenes -- Los parágrafos -- Numeración de páginas -- Títulos -- Niveles de lectura -- Lectura crítica -- Informe de laboratorio -- Proyectos de investigación -- Artículos de investigación teórica, revisión y/o de compilación -- Artículos de investigación (experimental, de campo y/o de intervención) -- Ensayos académicos -- Informe de investigación empírica (tesis) -- Referencias -- Referencia de libros -- Tesis y monografías -- Congreso, conferencias -- Artículo de revista científicas -- Patentes -- Publicaciones diarias, semanarios y otros -- Cartas al editor y cartas del editor -- Reportes de organizaciones -- Fuentes electrónicas -- Libros electrónicos con un solo autor -- Enciclopedias en línea -- Diccionario el línea -- Tesis, monografías, congresos, conferencias en línea -- Resumen de documentos en línea -- Revistas de investigación on- line, de accesos libre y suscriptores -- Correo electrónico (e-mail) -- Archivos electrónicos de datos a base de datos -- Programa de computación, sofware, lenguaje de programación. | |
| 526 | _aSEG44 | ||
| 526 | _aSEG26 | ||
| 526 | _aP151 | ||
| 526 | _aP150 | ||
| 526 | _aP149 | ||
| 526 | _aP146 | ||
| 526 | _aP145 | ||
| 526 | _aP126 | ||
| 526 | _aP125 | ||
| 526 | _aP92 | ||
| 526 | _aP75 | ||
| 526 | _aP74 | ||
| 526 | _aP27 | ||
| 526 | _aP15 | ||
| 650 | 0 | 4 | _aRedacción. |
| 910 |
_rnzj _d20161018 |
||
| 910 |
_cjcv _d20171205 |
||
| 910 |
_adbm _bjpc _cjpc _d20180903 |
||
| 942 |
_2ddc _cBOOK |
||
| 949 |
_a001.42 M.433 _wDEWEY _c1 _i67008 _lCCODEBUL1 _mBUL _p00.00 _r0 _sY _tLIBRO _u2015-07-06 _xBIBLIOTECA _zUNKNOWN _o.STAFF. Colección General |
||
| 949 |
_a001.42 M28 2011 _wDEWEY _c1 _iFJ02979 _lCCODEBUJ1 _mBUJ _p10.00 _r0 _sY _tBOOK _u2016-10-18 _xBIBLIOTECA _zUNKNOWN _0COMPRA _o.STAFF. Colección General Juliaca |
||
| 949 |
_a001.42 M28 2011 _wDEWEY _c2 _iFJ02980 _lCCODEBUJ1 _mBUJ _p10.00 _r0 _sY _tBOOK _u2016-10-18 _xBIBLIOTECA _zUNKNOWN _0COMPRA _o.STAFF. Colección General Juliaca |
||
| 949 |
_a001.42 M.433 2011 _wDewey _c1 _iFT03426 _lCCODEBUT1 _mBUT _n1 _p10.00 _sY _tBOOK _xBIBLIOTECA _zUNKNOWN _0DONACIÓN _o.STAFF. Colección General Tarapoto |
||
| 949 |
_a001.42 M.433 2011 _wDewey _c2 _iFT03427 _lCCODEBUT1 _mBUT _n1 _p10.00 _sY _tBOOK _xBIBLIOTECA _zUNKNOWN _0DONACIÓN _o.STAFF. Colección General Tarapoto |
||
| 949 |
_a001.42 M.433 2011 _wDewey _c3 _iFT03428 _lCCODEBUT1 _mBUT _n1 _p10.00 _sY _tBOOK _xBIBLIOTECA _zUNKNOWN _0DONACIÓN _o.STAFF. Colección General Tarapoto |
||
| 994 |
_aC0 _bPEPRU |
||
| 596 | _a1 2 3 | ||
| 999 |
_a001.42 M28 2011 _wDEWEY _c54962 _iFJ02979 _d54962 _e2018-9-21 _f2021-12-27 _g4 _lCCODEBUJ1 _mBUJ _n9 _p10.00 _q8 _r0 _sY _tBOOK _u2016-10-18 _xBIBLIOTECA _zUNKNOWN _0COMPRA _o.STAFF. Coleción General Juliaca |
||
| 999 |
_a001.42 M28 2011 _wDEWEY _c2 _iFJ02980 _d2019-9-19 _e2018-10-16 _f2021-12-27 _g4 _lCCODEBUJ1 _mBUJ _n2 _p10.00 _q3 _r0 _sY _tBOOK _u2016-10-18 _xBIBLIOTECA _zUNKNOWN _0COMPRA _o.STAFF. Colección General Juliaca |
||
| 999 |
_a001.42 M28 2011 _wDEWEY _c1 _iFT03426 _d2018-11-7 _e2018-11-6 _f2019-2-20 _g2 _lCCODEBUT1 _mBUT _n2 _p10.00 _r0 _sY _tBOOK _u2017-12-5 _xUNKNOWN _zUNKNOWN _0DONACION _o.STAFF. Coleccion _General Tarapoto |
||
| 999 |
_a001.42 M28 2011 _wDEWEY _c2 _iFT03427 _d2018-11-8 _e2018-11-8 _f2019-2-20 _g2 _kCHECKEDOUT _lCCODEBUT1 _mBUT _n1 _p10.00 _rM _sY _tBOOK _u2017-12-5 _xUNKNOWN _zUNKNOWN _0DONACION _o.STAFF. Coleccion General Tarapoto |
||
| 999 |
_a001.42 M28 2011 _wDEWEY _c3 _iFT03428 _d2018-11-8 _e2018-11-7 _lCCODEBUT1 _mBUT _n1 _p10.00 _r0 _sY _tBOOK _u2017-12-5 _xUNKNOWN _zUNKNOWN _0DONACION _o.STAFF. Coleccion General Tarapoto |
||
| 999 |
_a001.42 M28 2011 _wDEWEY _c1 _i79061 _d2019-9-19 _e2019-9-19 _f2021-11-4 _g4 _lCCODEBUL1 _mBUL _n1 _p12.00 _q1 _r0 _sY _tBOOK _u2015-7-6 _xBIBLIOTECA _PP35 _0COMPRA _o.STAFF. Colección Teología |
||
| 999 |
_a001.42 M28 2011 _wDEWEY _c2 _i79062 _d2019-8-26 _e2019-8-19 _f2021-11-4 _g4 _lCCODEBUL1 _mBUL _n2 _p12.00 _r0 _sY _tBOOK _u2018-9-3 _xBIBLIOTECA _PP35 _0COMPRA _o.STAFF. Colección Teología |
||
| 980 |
_81 _gALBERTO SANCHEZ Responsable de Automatización |
||